<?xml version="1.0" encoding="UTF-8"?><?xml-stylesheet type="text/xsl" href="static/style.xsl"?><OAI-PMH xmlns="http://www.openarchives.org/OAI/2.0/" xmlns:xsi="http://www.w3.org/2001/XMLSchema-instance" xsi:schemaLocation="http://www.openarchives.org/OAI/2.0/ http://www.openarchives.org/OAI/2.0/OAI-PMH.xsd"><responseDate>2026-06-01T04:21:04Z</responseDate><request verb="GetRecord" identifier="oai:riuma.uma.es:10630/41007" metadataPrefix="marc">https://riuma.uma.es/rest/oai/request</request><GetRecord><record><header><identifier>oai:riuma.uma.es:10630/41007</identifier><datestamp>2026-02-03T11:18:32Z</datestamp><setSpec>com_10630_2254</setSpec><setSpec>col_10630_37953</setSpec></header><metadata><record xmlns="http://www.loc.gov/MARC21/slim" xmlns:dcterms="http://purl.org/dc/terms/" xmlns:doc="http://www.lyncode.com/xoai" xmlns:xsi="http://www.w3.org/2001/XMLSchema-instance" xsi:schemaLocation="http://www.loc.gov/MARC21/slim http://www.loc.gov/standards/marcxml/schema/MARC21slim.xsd">
   <leader>00925njm 22002777a 4500</leader>
   <datafield ind2=" " ind1=" " tag="042">
      <subfield code="a">dc</subfield>
   </datafield>
   <datafield ind2=" " ind1=" " tag="720">
      <subfield code="a">Barral-Fernández, Margarita</subfield>
      <subfield code="e">author</subfield>
   </datafield>
   <datafield ind2=" " ind1=" " tag="720">
      <subfield code="a">Jácome Pumar, María Amalia</subfield>
      <subfield code="e">author</subfield>
   </datafield>
   <datafield ind2=" " ind1=" " tag="720">
      <subfield code="a">Souto-Camba, Sonia</subfield>
      <subfield code="e">author</subfield>
   </datafield>
   <datafield ind2=" " ind1=" " tag="720">
      <subfield code="a">González-Doniz, Luz</subfield>
      <subfield code="e">author</subfield>
   </datafield>
   <datafield ind2=" " ind1=" " tag="720">
      <subfield code="a">Ramón Belmonte, María Antonia</subfield>
      <subfield code="e">author</subfield>
   </datafield>
   <datafield ind2=" " ind1=" " tag="720">
      <subfield code="a">Amor-Barbosa, Marta</subfield>
      <subfield code="e">author</subfield>
   </datafield>
   <datafield ind2=" " ind1=" " tag="720">
      <subfield code="a">Arbillaga-Etxarri, Ane</subfield>
      <subfield code="e">author</subfield>
   </datafield>
   <datafield ind2=" " ind1=" " tag="720">
      <subfield code="a">Mazzucco, Guillermo</subfield>
      <subfield code="e">author</subfield>
   </datafield>
   <datafield ind2=" " ind1=" " tag="720">
      <subfield code="a">Bravo Cortés, Pilar</subfield>
      <subfield code="e">author</subfield>
   </datafield>
   <datafield ind2=" " ind1=" " tag="720">
      <subfield code="a">Del Corral, Tamara</subfield>
      <subfield code="e">author</subfield>
   </datafield>
   <datafield ind2=" " ind1=" " tag="720">
      <subfield code="a">Martín-Valero, Rocío</subfield>
      <subfield code="e">author</subfield>
   </datafield>
   <datafield ind2=" " ind1=" " tag="720">
      <subfield code="a">Llorca Cerdà, Carlos</subfield>
      <subfield code="e">author</subfield>
   </datafield>
   <datafield ind2=" " ind1=" " tag="720">
      <subfield code="a">Murcia Lillo, Fabiola</subfield>
      <subfield code="e">author</subfield>
   </datafield>
   <datafield ind2=" " ind1=" " tag="720">
      <subfield code="a">Sanchez-Santos, Jose Antonio</subfield>
      <subfield code="e">author</subfield>
   </datafield>
   <datafield ind2=" " ind1=" " tag="720">
      <subfield code="a">Francín-Gallego, Marina</subfield>
      <subfield code="e">author</subfield>
   </datafield>
   <datafield ind2=" " ind1=" " tag="720">
      <subfield code="a">Martín Cortijo, Concepción</subfield>
      <subfield code="e">author</subfield>
   </datafield>
   <datafield ind2=" " ind1=" " tag="720">
      <subfield code="a">García Delgado, Esther</subfield>
      <subfield code="e">author</subfield>
   </datafield>
   <datafield ind2=" " ind1=" " tag="720">
      <subfield code="a">Serrano Veguillas, Cristina</subfield>
      <subfield code="e">author</subfield>
   </datafield>
   <datafield ind2=" " ind1=" " tag="720">
      <subfield code="a">Varas de la Fuente, Ana B.</subfield>
      <subfield code="e">author</subfield>
   </datafield>
   <datafield ind2=" " ind1=" " tag="720">
      <subfield code="a">San José Herranz, Paula</subfield>
      <subfield code="e">author</subfield>
   </datafield>
   <datafield ind2=" " ind1=" " tag="720">
      <subfield code="a">González Montañez, Carolina</subfield>
      <subfield code="e">author</subfield>
   </datafield>
   <datafield ind2=" " ind1=" " tag="720">
      <subfield code="a">Gimeno Santos, Elena</subfield>
      <subfield code="e">author</subfield>
   </datafield>
   <datafield ind2=" " ind1=" " tag="720">
      <subfield code="a">Torres-Castro, Rodrigo</subfield>
      <subfield code="e">author</subfield>
   </datafield>
   <datafield ind2=" " ind1=" " tag="720">
      <subfield code="a">Fregonezi, Guilherme</subfield>
      <subfield code="e">author</subfield>
   </datafield>
   <datafield ind2=" " ind1=" " tag="720">
      <subfield code="a">Pardas Peraferrer, Mireia</subfield>
      <subfield code="e">author</subfield>
   </datafield>
   <datafield ind2=" " ind1=" " tag="720">
      <subfield code="a">Vilaro Casamitjana, Jordi</subfield>
      <subfield code="e">author</subfield>
   </datafield>
   <datafield ind2=" " ind1=" " tag="720">
      <subfield code="a">Férnzndez-Cadenas, Angeles</subfield>
      <subfield code="e">author</subfield>
   </datafield>
   <datafield ind2=" " ind1=" " tag="720">
      <subfield code="a">Ríos-Cortes, Antonio</subfield>
      <subfield code="e">author</subfield>
   </datafield>
   <datafield ind2=" " ind1=" " tag="720">
      <subfield code="a">Moreno Valera, María José</subfield>
      <subfield code="e">author</subfield>
   </datafield>
   <datafield ind2=" " ind1=" " tag="720">
      <subfield code="a">Langer, Daniel</subfield>
      <subfield code="e">author</subfield>
   </datafield>
   <datafield ind2=" " ind1=" " tag="720">
      <subfield code="a">Lista-Paz, Ana</subfield>
      <subfield code="e">author</subfield>
   </datafield>
   <datafield ind2=" " ind1=" " tag="260">
      <subfield code="c">2025</subfield>
   </datafield>
   <datafield ind2=" " ind1=" " tag="520">
      <subfield code="a">Objectives: Maximal respiratory pressures are key indicators of respiratory muscle strength; however, reference equations and cut-offs to define respiratory muscle weakness are scarce in the European paediatric population. The aim was to create sex-specific reference equations for maximal inspiratory and expiratory pressures (PImax/PEmax) in a large sample of healthy children and to objectively establish cut-offs to define respiratory muscle weakness. Methods: A multicentre cross-sectional study was conducted across 14 Spanish centres. Healthy children aged 6–18 years, stratified by sex and age, were recruited. Maximal respiratory pressures were measured following standardized methodology in accordance with international guidelines. Reference equations were developed through multiple linear regression analyses. Age- and sex specific cut-offs for respiratory muscle weakness were determined using Z-scores ≥ 1.645 standard deviation (SD) below group means. Results: The final sample included 513 subjects (257 boys; 11.5 [SD3.5] years).</subfield>
   </datafield>
   <datafield ind2=" " ind1=" " tag="520">
      <subfield code="a">Reference equations are: (1) PImax: boys = −41.41 + 10.21 * age + 6.26 * body mass index (BMI) − 0.37 * age * BMI; girls = 125.96–0.34 * age − 0.41 * age2 − 5.75 * BMI + 0.63 * age * BMI; (2) PEmax: boys = 20.93 + 5.23 * age + 2.93 * BMI; girls = −12.67 + 11.98 * age − 0.39 * age2 + 2.57 * BMI. Cut-offs for respiratory muscle weakness are higher in boys and increase with age (p &lt; .001). Depending on age, PImax cut-offs range from 46 to 85 cmH2O in boys and from 45 to 68 cmH2O in girls, while PEmax cut-offs span 54–98 cmH2O in boys and 57–85 cmH2O in girls. Conclusions: This study provides new reference equations for PImax and PEmax derived from the largest dataset of normative values in European children and adolescents. It also establishes age-specific cutoffs to define respiratory muscle weakness. These findings will facilitate the identification of respiratory muscle weakness and the selection of candidates for targeted training programmes.</subfield>
   </datafield>
   <datafield ind1="8" ind2=" " tag="024">
      <subfield code="a">Barral-Fernández, M., Jácome Pumar, M. A., Souto-Camba, S., González-Doniz, L., Ramón Belmonte, M. A., Amor-Barbosa, M., Arbillaga-Etxarri, A., Mazzucco, G., Bravo Cortés, P., Del Corral, T., Martín-Valero, R., Llorca Cerdà, C., Murcia Lillo, F., Sanchez-Santos, J. A., Francín-Gallego, M., Martín Cortijo, C., García Delgado, E., Serrano Veguillas, C., Varas de la Fuente, A. B., San José Herranz, P., … Lista-Paz, A. (2025). Reference Equations for Maximal Respiratory Pressures in Healthy Children and Adolescents. Archivos de bronconeumologia, S0300-2896(25)00336-9. Advance online publication. https://doi.org/10.1016/j.arbres.2025.09.009</subfield>
   </datafield>
   <datafield ind1="8" ind2=" " tag="024">
      <subfield code="a">https://hdl.handle.net/10630/41007</subfield>
   </datafield>
   <datafield ind1="8" ind2=" " tag="024">
      <subfield code="a">10.1016/j.arbres.2025.09.009</subfield>
   </datafield>
   <datafield tag="653" ind2=" " ind1=" ">
      <subfield code="a">Músculos respiratorios</subfield>
   </datafield>
   <datafield tag="653" ind2=" " ind1=" ">
      <subfield code="a">Pulmones - Enfermedades en niños</subfield>
   </datafield>
   <datafield ind2="0" ind1="0" tag="245">
      <subfield code="a">Reference Equations for Maximal Respiratory Pressures in Healthy Children and Adolescents.</subfield>
   </datafield>
</record>
</metadata></record></GetRecord></OAI-PMH>